01072cam a22002414a 4500020004000000020004000040020002900080041000800109082001800117100001800135245003300153260005800186300002000244505003000264650003800294856005800332942000700390952010400397952010400501952010400605952010400709999001700813 a9780664227951 (part 1 : alk. paper) a9780664227968 (part 2 : alk. paper) a9780281053087 (U.K. ed.) aENG00a226.6077bWRI1 aWright, N. T.10aActs for everyone : Part - 1 aLouisville, KY :bWestminster John Knox Press,c2008. a2 v. :b1 map ;0 a 1. Chapters 1-12 -- pt.  aBible.--ActsaReligious education41uhttp://www.loc.gov/catdir/toc/ecip084/2007046616.html cBK 00104070aHMIbHMIcGENd2020-03-20eISPCKl0o226.6077 WRIp11004195r2026-01-16w2026-01-16yBK 00104070aHMIbHMIcGENd2020-03-20eISPCKl0o226.6077 WRIp11004196r2026-01-16w2026-01-16yBK 00104070aHMIbHMIcGENd2020-03-20eISPCKl0o226.6077 WRIp11004198r2026-01-16w2026-01-16yBK 00104070aHMIbHMIcGENd2020-03-20eISPCKl0o226.6077 WRIp11004197r2026-01-16w2026-01-16yBK c22862d22862